| Поле | Название | Значение |
| |
Тип записи |
a |
| |
Библиографический уровень |
m |
| 001 |
Контрольный номер |
c0d7259b6fbc4139bc048cd2a9662bff |
| 005 |
Дата корректировки |
20201221140457.7 |
| 010 |
Индекс ISBN |
__ |
| a |
ISBN |
978-5-392-30502-5 |
| d |
Цена |
93-01, 2000 экз. |
| 100 |
Данные общей обработки |
__ |
| a |
Данные общей обработки |
19201007d2020||||||| 0rusy0189 ca |
| 101 |
Язык документа |
0_ |
| a |
Язык текста |
rus |
| 102 |
Страна публикации |
__ |
| a |
Страна публикации |
RU| |
| 102 |
Страна публикации |
__ |
| a |
Страна публикации |
RU |
| 105 |
Кодированные данные (монография) |
__ |
| a |
Кодированные данные (монография) |
#||||||||||zy |
| 200 |
Заглавие и сведения об ответственности |
1_ |
| a |
Заглавие |
Чего мне волноваться? и другие терапевтические сказки для детей, которые... |
| e |
Сведения, относящиеся к заглавию |
хотят быть хорошими, правильными, стремятся, чтобы их хвалили, при выполнении новых или трудных заданий переживают (отказываются делать), боятся ошибиться, сильно переживают на контрольных работах (могут заболеть), они видят мир так: "у меня идеальные родители, я должен им соответствовать" |
| f |
Первые сведения об ответственности |
О. Е. Хухлаев, О. В. Хухлаева |
| 203 |
Вид содержания и тип средства |
__ |
| a |
Вид содержания |
Текст |
| c |
Тип средства |
непосредственный |
| 210 |
Выходные данные |
__ |
| a |
Место издания |
Москва |
| c |
Издательство |
Проспект |
| d |
Дата издания |
2020 |
| 215 |
Физическое описание |
__ |
| a |
Объем |
46, [2] с. |
| d |
Формат |
21 см |
| 300 |
Общие примечания |
__ |
| a |
Общие примечания |
Заглавие с обложки книги |
| 330 |
Аннотация |
__ |
| a |
Аннотация |
В книге представлены терапевтические сказки, позволяющие формировать у детей 5-10 лет верное отношение к себе и своим способностям, не бояться совершать ошибки и чем-то отличаться от других людей. Многие дети пытаются соответствовать ожиданиям своих родителей и боятся хотя бы немного уступить, что, в свою очередь, не позволяет им раскрыть свои способности в полной мере. Сказки позволят детям решить многие жизненные трудности на понятном для них языке, а взрослым - лучше понять детский мир, его особенности. Книга будет полезна родителям, а также педагогам и психологам, работающим по новым федеральным государственным образовательным стандартам. |
| 517 |
Другие варианты заглавия |
__ |
| a |
Другие варианты заглавия |
Для детей, которые... |
| 606 |
Тематические рубрики |
__ |
| a |
Основная рубрика |
Психология |
| 606 |
Тематические рубрики |
__ |
| a |
Основная рубрика |
Детская психология |
| 610 |
Ключевые слова |
__ |
| a |
Ключевые слова |
детские страхи |
| 610 |
Ключевые слова |
__ |
| a |
Ключевые слова |
детские сказки |
| 610 |
Ключевые слова |
__ |
| a |
Ключевые слова |
дошкольники |
| 610 |
Ключевые слова |
__ |
| a |
Ключевые слова |
коррекционная работа |
| 610 |
Ключевые слова |
__ |
| a |
Ключевые слова |
младшие школьники |
| 610 |
Ключевые слова |
__ |
| a |
Ключевые слова |
психокоррекционная работа |
| 610 |
Ключевые слова |
__ |
| a |
Ключевые слова |
психокоррекционные сказки |
| 610 |
Ключевые слова |
__ |
| a |
Ключевые слова |
психокоррекция |
| 610 |
Ключевые слова |
__ |
| a |
Ключевые слова |
психологические сказки |
| 610 |
Ключевые слова |
__ |
| a |
Ключевые слова |
психологическое здоровье |
| 610 |
Ключевые слова |
__ |
| a |
Ключевые слова |
сказки |
| 610 |
Ключевые слова |
__ |
| a |
Ключевые слова |
сказкотерапия |
| 610 |
Ключевые слова |
__ |
| a |
Ключевые слова |
терапевтические сказки |
| 610 |
Ключевые слова |
__ |
| a |
Ключевые слова |
трудности общения |
| 610 |
Ключевые слова |
__ |
| a |
Ключевые слова |
школьная адаптация |
| 686 |
Индексы других классификаций |
__ |
| 2 |
Код системы |
rubbks |
| a |
Классификационный индекс |
88.41-8; В88.41 |
| 700 |
Автор |
_1 |
| a |
Фамилия |
Хухлаев |
| b |
Имя |
О. Е. |
| g |
Полное личное имя |
Олег Евгеньевич |
| 4 |
Код отношения |
070 |
| 701 |
Альтернативная интеллектуальная ответственность |
_1 |
| a |
Фамилия |
Хухлаева |
| b |
Имя |
О. В. |
| f |
Даты |
1952-2019 |
| g |
Полное личное имя |
Ольга Владимировна |
| 4 |
Код отношения |
070 |
| 801 |
Источник записи |
_0 |
| a |
Страна |
RU |
| b |
Организация |
Муниципальное бюджетное учреждение культуры "Централизованная библиотечная система" г. Сургут (Центральная городская библиотека им. А. С. Пушкина) |
| c |
Дата составления |
20201007 |
| g |
Правила каталогизации |
PSBO |
| 801 |
Источник записи |
_1 |
| a |
Страна |
RU |
| b |
Организация |
Муниципальное бюджетное учреждение культуры "Централизованная библиотечная система" г. Сургут (Центральная городская библиотека им. А. С. Пушкина) |
| c |
Дата составления |
20201007 |
| g |
Правила каталогизации |
PSBO |
| 852 |
Данные о местонахождении |
__ |
| j |
Шифр хранения |
88.41-8 |
| i |
Авторский знак |
Х 98 |
| 901 |
Тип документа |
__ |
| t |
Тип документа |
m |
| a |
Ответственный |
КиК/Лукашук |
| 903 |
Характеристики (МАРС) |
__ |
| a |
Дата передачи |
20201007 |
| 911 |
|
__ |
| u |
|
336a=Текст |
| 911 |
|
__ |
| u |
|
337a=непосредственный |
| 969 |
Тип издания |
__ |
| a |
Тип издания |
научно-популярное издание |
| a |
Тип издания |
брошюра |
| 990 |
Данные о заказе (DOS) |
__ |
| j |
Количество экземпляров (DOS) |
13 |
| t |
N записи в КСУ для И/У (DOS) |
202009 |